000
00295nam a22001097a 4500
008
230522b |||||||| |||| 00| 0 eng d
082
_a
362.4
100
_a
UNICEF
245
_a
Voices from the shadow:
_b
Based on a study of drug use behaviour in the Maldives
300
_a
40 P
_c
21cm
942
_2
ddc
999
_c
9599
_d
9600